00646nam a2200157 a 450000100100000000500170001000800410002704000250006811001120009324500820020526000350028730000350032204900090035795201050036699900170047100002866420200930055050.0110411s1987 dr abd 000 0 spa d aDO-SdBNPbspacBNPHU2 aRepública DominicanabSecretaría de Estado de AgriculturabSubsecretaría de Recursos Naturales95563410aClasificación y aptitud para uso de los suelos de la cuenca del rio Ocoa /. aSanto Domingo :bDIORN,c1987. a[82] P. :bil., map. ;c28 cm. aBNPD 0010718PDaPDbPDcCTd2011-04-11iLF1l0o p28664-10r2020-06-25w2020-06-25yLFPDZNo se presta c28156d28156